Trendy v podnikání vědecký časopis Fakulty ekonomické Západočeské univerzity v Plzni

Gespeichert in:
Bibliographische Detailangaben
Format: Schriftenreihe
Sprache:Tschechisch
Veröffentlicht: Plzeň Fakulta ekonomická Západočeské univerzity v Plzni 2017
Tags: Tag hinzufügen
Keine Tags, Fügen Sie das erste Tag hinzu!

MARC

LEADER 00000nas2a2200000 4500
001 0241647
005 20180329104859.5
022 |a 1805-0603 
041 0 |a cze 
044 |a CZ 
245 1 0 |a Trendy v podnikání  |b vědecký časopis Fakulty ekonomické Západočeské univerzity v Plzni 
264 1 |a Plzeň  |b Fakulta ekonomická Západočeské univerzity v Plzni  |c 2017 
773 0 |w eu_un_cat*0152789